[Event "CRO-chT (Women) 30th"]
[Site "Porec"]
[Date "2022.09.24"]
[Round "1.1"]
[White "Mihaljevic, Eva"]
[Black "Budimir, Karla"]
[Result "1-0"]
[WhiteElo "1828"]
[BlackElo "1277"]
[PlyCount "39"]
[EventDate "2022.09.24"]
[EventType "team-tourn"]
[EventRounds "9"]
[EventCountry "CRO"]
[SourceTitle "CBM 210 Extra"]
[Source "ChessBase"]
[SourceDate "2022.11.30"]
[SourceVersion "1"]
[SourceVersionDate "2022.11.30"]
[SourceQuality "1"]
[WhiteTeam "Novo Virje Konaki (W)"]
[BlackTeam "Zagreb Ericsson Tesla (W)"]
[WhiteTeamCountry "CRO"]
[BlackTeamCountry "CRO"]

1. e4 e5 2. Nf3 Nc6 3. Bc4 h6 4. c3 Bc5 5. d4 exd4 6. cxd4 Bb4+ 7. Bd2 Bxd2+ 8. Nbxd2 d6 9. 0-0 Nge7 10. d5 Ne5 11. Nxe5 dxe5 12. Qh5 Qd6 13. Bb3 0-0 14. Nc4 Qf6 15. Qxe5 Qxe5 16. Nxe5 Kh8 17. Rac1 Re8 18. Rxc7 f6 19. Nf7+ Kg8 20. Nd6 1-0